Loreto College Library, Kolkata
WEBOPAC (ONLINE PUBLIC ACCESS CATALOGUE)

European history (Record no. 40307)

MARC details
000 -LEADER
fixed length control field 00609nam a22002057a 4500
005 - DATE AND TIME OF LATEST TRANSACTION
control field 20230621100557.0
008 - FIXED-LENGTH DATA ELEMENTS--GENERAL INFORMATION
fixed length control field 160115b xxu||||| |||| 00| 0 eng d
040 ## - CATALOGING SOURCE
Original cataloging agency Loreto College
041 ## - LANGUAGE CODE
Language code English
082 ## - DDC | ডিউই
Classification number | বর্গসংখ্যা 940.3
Book Number | গ্রন্থাঙ্ক CHA
100 ## - MAIN ENTRY--PERSONAL NAME | মুখ্য সংলেখ - ব্যাক্তিনাম
Personal name | ব্যাক্তিনাম Chaytor, Rev. H. J.
Fuller form of name | পূর্ণনাম Rev. H. J. Chaytor
245 ## - TITLE STATEMENT | অাখ্যা বিবরণী
Title | অাখ্যা European history
Sub title | উপঅাখ্যা :great leaders & landmarks from early to modern yimes
Statement of responsibility | লেখকের দায়িত্বের বিবরণ Rev. H. J. Chaytor
260 ## - IMPRINT | প্রকাশনা ক্ষেত্র
Place of publication | প্রকাশ স্থান London
Name of publisher | প্রকাশকের নাম The gresham
300 ## - PHYSICAL DESCRIPTION |
Page / Vol. No | পৃষ্ঠা / খন্ড সংখ্যা x, 272p.
440 ## - SERIES STATEMENT |গ্রন্থমালা
Series Title | গ্রন্থমালা অাখ্যা The making of modern Europe
Number | গ্রন্থমালা সংখ্যা vol.4
504 ## - BIBLIOGRAPHY, ETC. NOTE
Bibliography, etc Include index
650 ## - SUBJECT ADDED ENTRY--TOPICAL TERM | বিষয় শিরোনাম - মূল বিষয়
Topical term | মূল বিষয় General history of Europe
850 ## - HOLDING INSTITUTION
Holding institution LCLIB
942 ## - ADDED ENTRY ELEMENTS (KOHA)
Koha item type Books
Holdings
Withdrawn status Lost status Source of classification Damaged status Not for loan Home library Current library Date acquired Total Checkouts Full call number Accession No. Date last seen Price effective from Koha item type Coded location qualifier
    Dewey Decimal Classification     Loreto College Loreto College 15/01/2016   940.3 CHA 43927 15/01/2016 15/01/2016 Books